| 000 | 00451nam a2200157 i 4500 | ||
|---|---|---|---|
| 001 | 44253 | ||
| 003 | ES-MaACL | ||
| 005 | 20230906161004.0 | ||
| 007 | t| | ||
| 008 | 030321s1967 sp ||||1| rum d | ||
| 100 | 1 |
_aCiuntu, Chirila. _938945 |
|
| 245 | 1 | 0 |
_aDin bucovina pe oder _b: amintirile unui legionar / _cChirila Ciuntu. |
| 260 |
_aMadrid, etc. : _bDacia, _c1967. |
||
| 300 |
_a82 p., 8 lám. ; _c22 cm. |
||
| 852 |
_aES-MaACL _jC-47952 _bR.64251 |
||
| 999 |
_c44253 _d44253 |
||